00821nam a2200205 a 450000100100000000500170001000800410002702000150006804000250008308200150010810000260012324000360014924501320018526000340031730000360035150000700038770000280045795201130048599900170059800004271320201002040336.0140205s1994 sp ac 000 0 spa d a8433916831 aDO-SdBNPbspacBNPHU axxxbB819c1 aBrando, Marlon97002610aSongs my mother taught me.leng14aLas canciones que mi madre me enseñó /cMarlon Brando ; con la colaboración de Robert Lindsey ; traduccion de Elsa Mateo. aBarcelona :bAnagrama,c1994. a465 p. :bil., retrs. ;c22 cm. aIncluye datos biográficos del autor en la solapa de la cubierta12aMateo, Elsaetr.932222 001050718MOaGRbGRcCTd2014-02-05iLF1l0oxxx B819cp42713-10r2020-06-25w2020-06-25y1ZNo se presta c42202d42202